[Event "29th Czech Open A 2018"]
[Site "Pardubice CZE"]
[Date "2018.07.27"]
[Round "8.93"]
[White "Gagliardi, Cristian"]
[Black "Fataliyeva, Ulviyya"]
[Result "0-1"]
[BlackTitle "WGM"]
[WhiteElo "2190"]
[BlackElo "2344"]
[WhiteFideId "810665"]
[BlackFideId "13403052"]
[EventDate "2018.07.20"]

1. d4 e6 2. Bf4 d5 3. e3 Nf6 4. Nf3 c5 5. c3 Nc6 6. Nbd2 Bd6 7. Bxd6 Qxd6 8. Bb5
O-O 9. O-O Ne7 10. Ne5 Qb6 11. Qb3 c4 12. Qb4 Nf5 13. Ba4 Qc7 14. Bc2 Nd6 15. a4
a5 16. Qa3 Nd7 17. Nxd7 Bxd7 18. e4 dxe4 19. Nxe4 Nxe4 20. Bxe4 Rab8 21. Rfe1
Rfe8 22. Bf3 b5 23. axb5 Rxb5 24. g3 Reb8 25. Re3 Rf5 26. Be4 Rfb5 27. Bf3 Bc6
28. Bxc6 Qxc6 29. Qa4 Qa8 30. Ree1 h5 31. h4 Rxb2 32. Qxa5 Qf3 33. Rf1 Rc2 34.
Rac1 Rbb2 35. Rxc2 Rxc2 36. Qa4 Rxc3 37. Qd1 Qd5 38. Re1 Rd3 39. Qa4 Qxd4 40.
Qe8+ Kh7 41. Qxf7 Rxg3+ 42. Kh2 Qxh4# 0-1

[Event "29th Czech Open A 2018"]
[Site "Pardubice CZE"]
[Date "2018.07.27"]
[Round "8.94"]
[White "Volodin, Viktor"]
[Black "Kulkarni, Chinmay"]
[Result "0-1"]
[WhiteTitle "IM"]
[WhiteElo "2188"]
[BlackElo "2336"]
[WhiteFideId "4108701"]
[BlackFideId "5023513"]
[EventDate "2018.07.20"]

1. Nf3 c5 2. c4 Nf6 3. Nc3 g6 4. d4 cxd4 5. Nxd4 Nc6 6. e4 d6 7. Be2 Nxd4 8.
Qxd4 Bg7 9. O-O O-O 10. Bg5 Be6 11. Qd2 Qa5 12. Nd5 Qxd2 13. Nxe7+ Kh8 14. Bxd2
Rfe8 15. Nd5 Nxd5 16. cxd5 Bxd5 17. f3 Bxb2 18. Rab1 Bd4+ 19. Kh1 Bc6 20. Bc4
Kg7 21. Bb4 Red8 22. Rbd1 Bc5 23. Bc3+ Kg8 24. g4 Rac8 25. Bf6 Re8 26. Rb1 Rxe4
27. Bb5 Re6 28. g5 Bxb5 29. Rxb5 b6 30. Rb2 Rce8 0-1

[Event "29th Czech Open A 2018"]
[Site "Pardubice CZE"]
[Date "2018.07.27"]
[Round "8.96"]
[White "Milikow, Yoav"]
[Black "Vyskocil, Neklan"]
[Result "1/2-1/2"]
[BlackTitle "IM"]
[WhiteElo "2161"]
[BlackElo "2327"]
[WhiteFideId "2822237"]
[BlackFideId "307106"]
[EventDate "2018.07.20"]

1. d4 Nf6 2. c4 e6 3. Nc3 Bb4 4. e3 O-O 5. Ne2 Re8 6. a3 Bf8 7. Ng3 d5 8. cxd5
exd5 9. b4 b6 10. Be2 c5 11. bxc5 bxc5 12. dxc5 Bxc5 13. O-O Be6 14. Bb2 Nbd7
15. Nb5 Rb8 16. Qd2 Bb6 17. Nd4 Ba5 18. Bc3 Bxc3 19. Qxc3 Rc8 20. Qb4 Qb6 21.
Rac1 h6 22. Ngf5 Bxf5 23. Nxf5 Rc5 24. Bd3 Qxb4 25. axb4 Rxc1 26. Rxc1 Rb8 27.
Rc8+ Rxc8 28. Ne7+ Kf8 29. Nxc8 Ne5 30. Ba6 Ke8 31. Nxa7 Kd7 32. b5 Kc7 33. Nc8
Nc4 34. Ne7 Nd6 35. f3 Kb6 36. Nc6 Nd7 37. Ne7 Nf6 38. Kf2 g6 39. Nc6 Nd7 40.
Nd4 Nc5 41. Ke2 Nxa6 42. bxa6 Kxa6 43. Kd3 Kb6 44. g4 Kc5 45. h4 Nc4 46. f4 Nb2+
47. Ke2 Kd6 48. Nf3 Ke6 49. Kd2 Na4 50. Kd3 Nc5+ 51. Kd4 Nb3+ 52. Kd3 Nc5+ 53.
Kd4 1/2-1/2

[Event "29th Czech Open A 2018"]
[Site "Pardubice CZE"]
[Date "2018.07.27"]
[Round "8.97"]
[White "Eriksson, Christian Altenburg"]
[Black "Westerinen, Heikki M.J."]
[Result "1/2-1/2"]
[BlackTitle "GM"]
[WhiteElo "2159"]
[BlackElo "2310"]
[WhiteFideId "1412159"]
[BlackFideId "500020"]
[EventDate "2018.07.20"]

1. e4 e6 2. d4 d5 3. Nd2 c5 4. exd5 exd5 5. Ngf3 Nc6 6. Bb5 Bd6 7. dxc5 Bxc5 8.
O-O Ne7 9. Nb3 Bd6 10. Nbd4 O-O 11. Bd3 h6 12. h3 Nxd4 13. Nxd4 Nc6 14. Nf5 Bxf5
15. Bxf5 Qf6 16. Bd3 Rfd8 17. Bd2 Qxb2 18. Rb1 Qe5 19. f4 Qd4+ 20. Kh1 b6 21.
Qf3 Qf6 22. Rbe1 Bc5 23. Bc3 Bd4 24. Bd2 Qh4 25. Re2 Bc5 26. c3 Rac8 27. Be1 Qf6
28. Qg4 Re8 29. Qd7 Red8 30. Qg4 Re8 31. Qd7 1/2-1/2

[Event "29th Czech Open A 2018"]
[Site "Pardubice CZE"]
[Date "2018.07.27"]
[Round "8.99"]
[White "Subramanian, Aditya"]
[Black "Serrano Salvador, Eduardo"]
[Result "1/2-1/2"]
[BlackTitle "FM"]
[WhiteElo "2124"]
[BlackElo "2280"]
[WhiteFideId "1718924"]
[BlackFideId "2214075"]
[EventDate "2018.07.20"]

1. d4 d5 2. Nf3 Nf6 3. c4 c6 4. Qc2 g6 5. cxd5 cxd5 6. Nc3 Nc6 7. Bf4 Bg7 8. e3
O-O 9. Be2 Qb6 10. Ne5 Bf5 11. Qd2 Rfd8 12. Nxc6 Qxc6 13. O-O a6 14. Rfc1 Qd7
15. f3 h6 16. Bg3 Rac8 17. b4 g5 18. a4 g4 19. a5 gxf3 20. gxf3 Nh5 21. Bh4 Rc6
22. Kh1 Rg6 23. Rg1 Kh7 24. b5 axb5 25. Bxb5 Qe6 26. Na4 Be4 27. Qf2 Rc8 28.
Rac1 Rxg1+ 29. Rxg1 Rc2 30. Be2 Bd3 31. Nc5 Rxe2 32. Nxe6 Rxf2 33. Nxg7 Rxf3 34.
Nxh5 Be4 35. Kg2 Rf5+ 36. Kg3 Rf3+ 37. Kg2 Rf5+ 38. Kg3 1/2-1/2

[Event "29th Czech Open A 2018"]
[Site "Pardubice CZE"]
[Date "2018.07.27"]
[Round "8.100"]
[White "Meleshko, Vladimir"]
[Black "Soural, Jan"]
[Result "1/2-1/2"]
[WhiteTitle "FM"]
[WhiteElo "2268"]
[BlackElo "2192"]
[WhiteFideId "14111055"]
[BlackFideId "311928"]
[EventDate "2018.07.20"]

1. e4 c5 2. Nf3 Nc6 3. d4 cxd4 4. Nxd4 g6 5. c4 Nf6 6. Nc3 d6 7. Be2 Nxd4 8.
Qxd4 Bg7 9. Be3 O-O 10. Qd2 Be6 11. f3 Qa5 12. Nb5 Qxd2+ 13. Kxd2 Ne8 14. Nxa7
f5 15. exf5 Rxf5 16. Bb6 Bxb2 17. Rab1 Ba3 18. Rhe1 Kf7 19. Bd3 Rh5 20. Kc3 Bc5
21. Bxc5 dxc5 22. Rxb7 Nd6 23. Rc7 Ne8 24. Rb7 Nd6 25. Rc7 Ne8 26. Rc6 Rxa7 27.
Rcxe6 Rxh2 28. R1e2 Ra3+ 29. Kb2 Rxd3 30. Rxe7+ Kf6 31. Rxe8 Rh4 32. R8e6+ Kf7
33. R6e4 Rxe4 34. fxe4 Rd7 35. a4 Ke6 36. Kc3 Ke5 37. a5 Ra7 38. Ra2 Kxe4 39. a6
Ke5 40. Kd3 Kd6 41. Ke4 h6 42. Rd2+ Ke6 43. Rd5 Rxa6 44. Rxc5 Kf7 45. Kf4 Ra2
46. g3 Rf2+ 47. Ke5 Re2+ 48. Kf4 Rf2+ 49. Kg4 Rc2 50. Rc8 Kf6 51. Rf8+ Ke5 52.
Re8+ Kf6 53. Re4 h5+ 54. Kf3 Rc3+ 55. Kf2 Rc2+ 56. Kf3 1/2-1/2

[Event "29th Czech Open A 2018"]
[Site "Pardubice CZE"]
[Date "2018.07.27"]
[Round "8.101"]
[White "Biastoch, Bennet"]
[Black "Tsvetkov, Andrey"]
[Result "1/2-1/2"]
[BlackTitle "CM"]
[WhiteElo "2099"]
[BlackElo "2259"]
[WhiteFideId "12939889"]
[BlackFideId "34139360"]
[EventDate "2018.07.20"]

1. e4 c5 2. Nf3 d6 3. d4 cxd4 4. Nxd4 Nf6 5. Nc3 a6 6. Bc4 e6 7. Bb3 b5 8. Bg5
Be7 9. Qf3 Qc7 10. e5 Bb7 11. exd6 Bxd6 12. Qe3 Bc5 13. O-O-O Nc6 14. Bxf6 gxf6
15. Ne4 Bxd4 16. Rxd4 Nxd4 17. Nxf6+ Kf8 18. Qxd4 Rd8 19. Qh4 h6 20. c3 Qe5 21.
Nh7+ Kg7 22. Bc2 Rhe8 23. Kb1 f5 24. f4 Qc7 25. Nf6 Rf8 26. Nh5+ Kh8 27. Re1 Qf7
28. g4 Bf3 29. Ng3 Bxg4 30. Qxh6+ Qh7 31. Qxe6 Qg7 32. h3 Bf3 33. Nxf5 Qf6 34.
Nd4 Qxe6 35. Rxe6 Rxf4 36. Rh6+ Kg7 37. Rxa6 Bd5 38. b4 Rf1+ 39. Kb2 Rf2 40.
Nf5+ Kf7 41. Nh6+ Ke7 42. Nf5+ Kd7 43. Nd6 Ke7 44. Nf5+ 1/2-1/2

[Event "29th Czech Open A 2018"]
[Site "Pardubice CZE"]
[Date "2018.07.27"]
[Round "8.102"]
[White "Ilyuchyk, Yana"]
[Black "Phadke, Sohan"]
[Result "1/2-1/2"]
[BlackTitle "FM"]
[WhiteElo "2083"]
[BlackElo "2249"]
[WhiteFideId "13508407"]
[BlackFideId "5016223"]
[EventDate "2018.07.20"]

1. e4 c5 2. Nf3 Nc6 3. d4 cxd4 4. Nxd4 e5 5. Nb5 d6 6. N1c3 a6 7. Na3 b5 8. Nd5
Nge7 9. c4 Nd4 10. Bd3 Nxd5 11. cxd5 g6 12. Be3 Bg7 13. O-O O-O 14. Qd2 f5 15.
Bxd4 exd4 16. Nc2 fxe4 17. Bxe4 Bf5 18. Rae1 Qh4 19. g3 Qf6 20. Qd3 Rae8 21.
Bxf5 Rxe1 22. Nxe1 Qxf5 23. Qxf5 Rxf5 24. Nd3 Rxd5 25. Rc1 Rf5 26. Kf1 a5 27.
Rc6 Bf8 28. b3 g5 29. Ra6 b4 30. g4 Rb5 31. Ke2 Kf7 32. Kf3 Ke6 33. Ke4 Be7 34.
f4 gxf4 35. Nxf4+ Kf7 36. Nd3 h5 37. h3 hxg4 38. hxg4 Rg5 39. Kf4 Ke6 40. Ra7
Bd8 41. Kf3 Rg8 42. Nf4+ Ke5 43. Rf7 Bf6 44. Rb7 d3 45. Rb5+ Kd4 46. Rd5+ Kc3
47. Rxd3+ Kb2 48. Rd2+ Ka3 49. Rxd6 Bc3 50. Ne6 Kxa2 51. Ra6 Kxb3 52. Rxa5 Kc2
53. Rc5 Kd1 54. Nf4 Re8 55. Nd5 Kd2 56. Nxc3 bxc3 57. Kf4 Rf8+ 58. Ke5 c2 59. g5
Rf3 60. Rxc2+ Kxc2 1/2-1/2

[Event "29th Czech Open A 2018"]
[Site "Pardubice CZE"]
[Date "2018.07.27"]
[Round "8.103"]
[White "Dushyant, Sharma"]
[Black "Berzina, Ilze"]
[Result "0-1"]
[WhiteTitle "FM"]
[BlackTitle "WGM"]
[WhiteElo "2243"]
[BlackElo "2173"]
[WhiteFideId "25065130"]
[BlackFideId "11601345"]
[EventDate "2018.07.20"]

1. e4 c6 2. d4 d5 3. Nc3 dxe4 4. Nxe4 Nd7 5. Nf3 Ngf6 6. Ng3 e6 7. Bd3 c5 8. O-O
Bd6 9. c4 O-O 10. dxc5 Bxc5 11. b3 b6 12. Bb2 Bb7 13. Qe2 Qc7 14. a3 Rfe8 15.
Rad1 Rad8 16. b4 Bd6 17. Rfe1 h6 18. Bb1 Bf4 19. Nd2 Rc8 20. Ba2 Qc6 21. f3 Qc7
22. Ndf1 Rcd8 23. Rd3 h5 24. Qf2 Ne5 25. Bxe5 Bxe5 26. Red1 Rxd3 27. Rxd3 Rd8
28. Rxd8+ Qxd8 29. Ne2 Qd1 30. Qe3 Bxh2+ 31. Kxh2 Qxf1 32. Nd4 Ng4+ 0-1

[Event "29th Czech Open A 2018"]
[Site "Pardubice CZE"]
[Date "2018.07.27"]
[Round "8.104"]
[White "Mahalakshmi, M"]
[Black "Wong, Gengchun"]
[Result "1/2-1/2"]
[WhiteTitle "WIM"]
[WhiteElo "2238"]
[BlackElo "2162"]
[WhiteFideId "5001080"]
[BlackFideId "12963283"]
[EventDate "2018.07.20"]

1. d4 d5 2. Nf3 Nf6 3. Bf4 Bf5 4. e3 e6 5. Be2 Be7 6. c4 c6 7. Nc3 O-O 8. O-O
Nh5 9. Be5 Nd7 10. h3 Nhf6 11. Bh2 Ne4 12. Rc1 Rc8 13. c5 a5 14. Qb3 b5 15. cxb6
Nxc3 16. Rxc3 Nxb6 17. Rfc1 a4 18. Qd1 Qe8 19. a3 f6 20. Ba6 Ra8 21. Bb7 Nc4 22.
Bxa8 Qxa8 23. Qe2 Qb7 24. e4 Bg6 25. exd5 exd5 26. Nh4 Bf7 27. Qc2 c5 28. dxc5
Bxc5 29. Bg3 Bd4 30. Qxa4 Bxc3 31. bxc3 Qb2 32. Qd1 Qxa3 33. Nf5 Kh8 34. Kh2 Bh5
35. Qg1 Bg6 36. Nd4 Rc8 37. Ne2 Qb2 38. Nf4 Bf7 39. Qe1 Ra8 40. Nd3 Qa3 41. Nb4 1/2-1/2

[Event "29th Czech Open A 2018"]
[Site "Pardubice CZE"]
[Date "2018.07.27"]
[Round "8.106"]
[White "Kratochvil, Vit1"]
[Black "Kyrychenko, Maryan"]
[Result "1/2-1/2"]
[BlackTitle "FM"]
[WhiteElo "2233"]
[BlackElo "2152"]
[WhiteFideId "333808"]
[BlackFideId "14137178"]
[EventDate "2018.07.20"]

1. e4 c5 2. Nf3 d6 3. d4 cxd4 4. Nxd4 Nf6 5. Nc3 a6 6. Qf3 e6 7. g4 h6 8. h3
Nbd7 9. Be3 g5 10. O-O-O Be7 11. Qg2 Ne5 12. Be2 Nfd7 13. h4 Rg8 14. hxg5 hxg5
15. Rh5 Ng6 16. Nf3 Qa5 17. Bxg5 Bxg5+ 18. Rxg5 Qb6 19. Qh2 Nde5 20. Nxe5 dxe5
21. Bc4 Bd7 22. Qh7 Rh8 23. Qg7 O-O-O 24. Qxf7 Nf4 25. Rg7 Qxf2 26. Rh7 Rhf8 27.
Qe7 Rfe8 28. Qd6 Nd5 29. exd5 Qf4+ 30. Kb1 Qxc4 31. Qxe5 exd5 32. Qf6 1/2-1/2

[Event "29th Czech Open A 2018"]
[Site "Pardubice CZE"]
[Date "2018.07.27"]
[Round "8.107"]
[White "Bharath, Subramaniyam H"]
[Black "Horacek, Michal"]
[Result "1-0"]
[WhiteTitle "CM"]
[WhiteElo "2231"]
[BlackElo "2131"]
[WhiteFideId "46634827"]
[BlackFideId "332526"]
[EventDate "2018.07.20"]

1. e4 d6 2. d4 Nd7 3. Nf3 e5 4. Nc3 Ngf6 5. Bc4 Be7 6. O-O O-O 7. a4 c6 8. Re1
a5 9. h3 exd4 10. Qxd4 Nc5 11. Bf4 Be6 12. Rad1 Qb6 13. b3 Rad8 14. Bxe6 fxe6
15. e5 dxe5 16. Qxe5 Rxd1 17. Rxd1 Nd5 18. Nxd5 cxd5 19. Be3 Qd6 20. Qxd6 Bxd6
21. c4 Ne4 22. cxd5 Nc3 23. Rd3 Nxd5 24. Ng5 Rc8 25. Bd2 Bb4 26. Nxe6 Bxd2 27.
Rxd2 Rc1+ 28. Kh2 Nf6 29. Rd6 Rc2 30. Rb6 Rxf2 31. Rxb7 Re2 32. Nxg7 Nd5 33. Nh5
Re5 34. Ng3 Nb4 35. Rb5 Rxb5 36. axb5 Nd5 37. Ne4 Kf8 38. Nd6 Nb6 39. Nb7 a4 40.
bxa4 Nxa4 41. Nd6 Nb6 42. Kg3 Ke7 43. Ne4 Ke6 44. Kg4 Nd5 45. Ng5+ Ke5 46. Nxh7 1-0

[Event "29th Czech Open A 2018"]
[Site "Pardubice CZE"]
[Date "2018.07.27"]
[Round "8.108"]
[White "Bracker, Arne"]
[Black "Polak, Benedikt"]
[Result "0-1"]
[WhiteElo "2224"]
[BlackElo "2126"]
[WhiteFideId "24618160"]
[BlackFideId "317012"]
[EventDate "2018.07.20"]

1. e4 c5 2. Nf3 e6 3. d4 cxd4 4. Nxd4 a6 5. c4 Nf6 6. Nc3 Qc7 7. Be2 b6 8. O-O
Bb7 9. Qd3 d6 10. f4 Nbd7 11. b4 Be7 12. Bb2 O-O 13. Rac1 Rac8 14. Nd5 exd5 15.
cxd5 Qd8 16. Rxc8 Qxc8 17. Rc1 Qa8 18. Nf5 Re8 19. Qg3 g6 20. Rc7 Bf8 21. Qh4
Qb8 22. Rxd7 Nxd7 23. Nh6+ Bxh6 24. Qxh6 f6 25. Bg4 Nf8 26. Bxf6 Qc7 27. Bf3
Bxd5 28. exd5 Qc1+ 29. Bd1 Qe3+ 0-1

[Event "29th Czech Open A 2018"]
[Site "Pardubice CZE"]
[Date "2018.07.27"]
[Round "8.109"]
[White "Machlik, Endre"]
[Black "Muhseen, Abdullah Mohammed"]
[Result "1/2-1/2"]
[BlackTitle "CM"]
[WhiteElo "2083"]
[BlackElo "2222"]
[WhiteFideId "1513605"]
[BlackFideId "4801695"]
[EventDate "2018.07.20"]

1. d4 d5 2. c4 e6 3. Nc3 c5 4. cxd5 exd5 5. Nf3 Nc6 6. g3 Nf6 7. Bg2 Be7 8. O-O
cxd4 9. Nxd4 O-O 10. Be3 Be6 11. Nxc6 bxc6 12. Na4 Qa5 13. Rc1 Rac8 14. Nc5 Bg4
15. a4 Nd7 16. b4 Qxb4 17. Rb1 Qc4 18. Nxd7 Bxd7 19. Rb7 Rfd8 20. Bxa7 Qa6 21.
Qb3 Bf8 22. a5 Bg4 23. Rc1 Qxa5 24. Rb1 Qa6 25. e4 Be6 26. Bf1 Qa3 27. Qxa3 Bxa3
28. exd5 cxd5 29. Bd4 h6 30. Kg2 Bd6 31. Bb6 Rd7 32. Ba6 Rxb7 33. Bxb7 Rc2 34.
Rb5 Rd2 35. Kf1 Be5 36. Be3 Rb2 37. Rxb2 Bxb2 38. Ba6 Kf8 39. Bc5+ Ke8 40. Ke2
Bg4+ 41. Ke3 Kd7 42. Bb7 Be6 43. h4 Kc7 44. Ba8 Kd7 45. Bb7 f6 46. Kd3 Ke8 47.
Bd4 Ba3 48. Be3 Bb2 49. Bd4 Bf5+ 50. Ke3 Bc1+ 51. Ke2 Be6 52. Kd3 Kf7 53. Bc3
Ba3 54. Kd4 Bd6 55. Be1 Be5+ 56. Kc5 g5 57. Bxd5 gxh4 58. gxh4 f5 59. Bd2 h5 60.
Bg5 Bb8 61. f4 1/2-1/2

[Event "29th Czech Open A 2018"]
[Site "Pardubice CZE"]
[Date "2018.07.27"]
[Round "8.110"]
[White "Jedlicka, Ales"]
[Black "Chekletsov, Egor"]
[Result "1-0"]
[WhiteTitle "FM"]
[WhiteElo "2221"]
[BlackElo "2123"]
[WhiteFideId "304824"]
[BlackFideId "24175315"]
[EventDate "2018.07.20"]

1. d4 Nf6 2. c4 c5 3. d5 g6 4. Nc3 Bg7 5. e4 d6 6. Nf3 O-O 7. h3 e6 8. Bd3 exd5
9. cxd5 b5 10. Nxb5 Re8 11. O-O Nxe4 12. Re1 a6 13. Na3 Nf6 14. Rxe8+ Nxe8 15.
Bg5 Bf6 16. Qd2 Bxg5 17. Nxg5 Nf6 18. Nc4 Bb7 19. Ne4 Bxd5 20. Nxf6+ Qxf6 21.
Nb6 Bb7 22. Nxa8 Bxa8 23. Re1 Bc6 24. Be4 Bxe4 25. Rxe4 Nc6 26. Qh6 Ne7 27. Qf4
Qxf4 28. Rxf4 Nc6 29. Rf6 1-0

[Event "29th Czech Open A 2018"]
[Site "Pardubice CZE"]
[Date "2018.07.27"]
[Round "8.111"]
[White "Fisar, Josef"]
[Black "Kula, Dominik"]
[Result "1-0"]
[WhiteElo "2073"]
[BlackElo "2215"]
[WhiteFideId "322040"]
[BlackFideId "344338"]
[EventDate "2018.07.20"]

1. d4 f5 2. Bg5 Nf6 3. Bxf6 exf6 4. e3 d5 5. c4 Be6 6. Qb3 Nc6 7. c5 Rb8 8. Nc3
g6 9. h4 f4 10. e4 Nxd4 11. Qa4+ Nc6 12. exd5 Bxd5 13. O-O-O Bxc5 14. Nxd5 1-0

[Event "29th Czech Open A 2018"]
[Site "Pardubice CZE"]
[Date "2018.07.28"]
[Round "9.91"]
[White "Obsivac, Josef"]
[Black "Debevec, Blaz"]
[Result "1/2-1/2"]
[WhiteTitle "FM"]
[WhiteElo "2290"]
[BlackElo "2169"]
[WhiteFideId "303690"]
[BlackFideId "14605813"]
[EventDate "2018.07.20"]

1. d4 d6 2. g3 e5 3. dxe5 dxe5 4. Qxd8+ Kxd8 5. Bg2 c6 6. Nc3 Be6 7. f4 Nd7 8.
Nf3 f6 9. fxe5 Nxe5 10. Bf4 Ng6 11. O-O-O+ Ke8 12. Be3 N8e7 13. Nd4 Bd7 14. Nb3
Ne5 15. Rhf1 N7g6 16. Ne4 Nc4 17. Bg1 Nge5 18. Nbc5 Bc8 19. b3 Nb6 20. c4 Rb8
21. h3 Be7 22. Be3 Rg8 23. a4 a5 24. g4 h6 25. Ng3 Nbd7 26. Nxd7 Bxd7 27. Bb6
Bd8 28. Bc5 Be7 29. Ne4 Bxc5 30. Nxc5 Ke7 1/2-1/2

[Event "29th Czech Open A 2018"]
[Site "Pardubice CZE"]
[Date "2018.07.28"]
[Round "9.92"]
[White "Serrano Salvador, Eduardo"]
[Black "Roenko, Artur"]
[Result "1/2-1/2"]
[WhiteTitle "FM"]
[WhiteElo "2280"]
[BlackElo "2162"]
[WhiteFideId "2214075"]
[BlackFideId "14136732"]
[EventDate "2018.07.20"]

1. d4 d5 2. c4 e6 3. Nf3 c6 4. e3 Nf6 5. Nbd2 Nbd7 6. Bd3 c5 7. O-O Be7 8. b3
cxd4 9. exd4 O-O 10. Bb2 b6 11. Qe2 Bb7 12. Ne5 dxc4 13. bxc4 Nxe5 14. dxe5 Nd7
15. Rad1 Nc5 16. Bb1 Qc7 17. f4 g6 18. Nf3 Na4 19. Ba1 Rac8 20. Nd2 Bb4 21. Ne4
Bxe4 22. Qxe4 Bc3 23. Bc2 Bxa1 24. Bxa4 Qxc4 25. Qxc4 Rxc4 26. Bb3 Bd4+ 27. Kh1
Rb4 28. Rd3 Bc5 29. g3 Rd4 30. Rxd4 Bxd4 31. Rd1 Rd8 1/2-1/2

[Event "29th Czech Open A 2018"]
[Site "Pardubice CZE"]
[Date "2018.07.28"]
[Round "9.93"]
[White "Krak, Tomas"]
[Black "Wong, Gengchun"]
[Result "1-0"]
[WhiteTitle "FM"]
[WhiteElo "2268"]
[BlackElo "2162"]
[WhiteFideId "14903750"]
[BlackFideId "12963283"]
[EventDate "2018.07.20"]

1. e4 c5 2. Nf3 d6 3. d4 cxd4 4. Nxd4 Nf6 5. Nc3 a6 6. Be3 e6 7. Qf3 Qc7 8. g4
b5 9. a3 Bb7 10. g5 Nfd7 11. h4 Nc6 12. Nxc6 Bxc6 13. h5 Nc5 14. Bh3 Qb7 15.
Bxc5 dxc5 16. O-O-O Be7 17. g6 f5 18. gxh7 b4 19. axb4 cxb4 20. Nd5 fxe4 21. Qg4
Bxd5 22. Qxg7 O-O-O 23. Rxd5 Qxd5 24. Qxe7 Rhe8 25. Qa7 Qc6 26. Bf1 Rd3 27. Rh3
Rxh3 28. Bxh3 e3 29. Qxe3 Qh1+ 30. Kd2 Rd8+ 31. Qd3 Rxd3+ 32. cxd3 Qxh3 33.
h8=Q+ Kb7 34. h6 Qh4 35. Qg7+ Kb6 36. Qf8 Qd4 37. Kc2 Qg4 38. Qd6+ Kb7 39. Qe5
b3+ 40. Kc3 Qd1 41. h7 Qc2+ 42. Kb4 Qxd3 43. h8=Q a5+ 44. Ka3 1-0

[Event "29th Czech Open A 2018"]
[Site "Pardubice CZE"]
[Date "2018.07.28"]
[Round "9.94"]
[White "Milikow, Yoav"]
[Black "Meleshko, Vladimir"]
[Result "1/2-1/2"]
[BlackTitle "FM"]
[WhiteElo "2161"]
[BlackElo "2268"]
[WhiteFideId "2822237"]
[BlackFideId "14111055"]
[EventDate "2018.07.20"]

1. d4 Nf6 2. c4 e5 3. dxe5 Ng4 4. Nf3 Bc5 5. e3 Nc6 6. Nc3 O-O 7. Be2 Ngxe5 8.
Nxe5 Nxe5 9. O-O Re8 10. b3 a5 11. Bb2 Ra6 12. Ne4 Ba7 13. c5 Rh6 14. Qd4 Qh4
15. h3 Rg6 16. Ng3 Qg5 17. Qf4 Qe7 18. Nf5 Qe6 19. Bd4 d6 20. Nh4 Rf6 21. Qg3
Bxc5 22. Bxc5 dxc5 23. Rad1 Rh6 24. f4 Nc6 25. Bc4 Qxe3+ 26. Qxe3 Rxe3 27. Nf3
Kf8 28. Ne5 Nd4 29. Nxf7 Rg6 30. Kf2 Re7 31. Ng5 h6 32. Nf3 Rd6 33. Ne5 Rf6 34.
Kg1 Ke8 35. Rfe1 Be6 36. Bd3 Bf5 37. Bxf5 Rxf5 38. Ng6 Rxe1+ 39. Rxe1+ Kf7 40.
Ne5+ Kg8 41. Ng6 Rf6 42. Ne7+ Kf7 43. Nd5 Re6 44. Rxe6 Nxe6 45. f5 Nd4 46. g4
Ke8 47. Kf2 Kd7 48. h4 b5 49. f6 g6 50. h5 gxh5 51. f7 Ne6 52. gxh5 c6 53. Nf6+
Ke7 54. Ng8+ Kxf7 55. Nxh6+ Kg7 56. Ng4 Nd4 57. Ke3 Nc2+ 58. Kd2 Nb4 1/2-1/2

[Event "29th Czech Open A 2018"]
[Site "Pardubice CZE"]
[Date "2018.07.28"]
[Round "9.95"]
[White "Maltsevskaya, Aleksandra"]
[Black "Eriksson, Christian Altenburg"]
[Result "1-0"]
[WhiteElo "2261"]
[BlackElo "2159"]
[WhiteFideId "24174041"]
[BlackFideId "1412159"]
[EventDate "2018.07.20"]

1. d4 d5 2. Nf3 Nf6 3. c4 c6 4. Nc3 dxc4 5. a4 Bf5 6. g3 g6 7. Bg2 Bg7 8. O-O
O-O 9. a5 Ne4 10. Nh4 Nxc3 11. bxc3 Be6 12. Qa4 Nd7 13. Qb4 Bf6 14. Qxb7 Rb8 15.
Qxc6 Rb3 16. Bh6 Re8 17. Rfc1 Nb8 18. Qa4 Qc8 19. Nf3 a6 20. Nd2 Rb5 21. Bf4 Nd7
22. e4 Nf8 23. Be3 Rh5 24. e5 Bh3 25. Qxc4 Qd7 26. Qa4 Bxg2 27. Qxd7 Nxd7 28.
Kxg2 Rc8 29. Nf3 g5 30. g4 Rh6 31. h4 Rg6 32. h5 Rg7 33. Rab1 1-0

[Event "29th Czech Open A 2018"]
[Site "Pardubice CZE"]
[Date "2018.07.28"]
[Round "9.96"]
[White "Tsvetkov, Andrey"]
[Black "Kyrychenko, Maryan"]
[Result "1-0"]
[WhiteTitle "CM"]
[BlackTitle "FM"]
[WhiteElo "2259"]
[BlackElo "2152"]
[WhiteFideId "34139360"]
[BlackFideId "14137178"]
[EventDate "2018.07.20"]

1. d4 d5 2. c4 dxc4 3. e3 Nf6 4. Bxc4 e6 5. Nf3 a6 6. O-O c5 7. Nc3 b5 8. Be2
Bb7 9. dxc5 Qxd1 10. Rxd1 Bxc5 11. Nd2 Nbd7 12. Nb3 Rc8 13. Na5 Ba8 14. a4 b4
15. Bxa6 Rb8 16. Ne2 Be4 17. Bb5 Ra8 18. Nb3 Be7 19. Nbd4 Rc8 20. f3 Ba8 21. Bd2
O-O 22. Rac1 Bc5 23. Nb3 Ba7 24. Kf1 Nc5 25. Nxc5 Bxc5 26. Rxc5 Rxc5 27. Bxb4
Rxb5 28. Bxf8 Rxb2 29. Rd8 Rb1+ 30. Kf2 Bc6 31. a5 Ne8 32. Nd4 Kxf8 33. Nxc6 Ra1
34. Ra8 Rc1 35. Rc8 Rc2+ 36. Kg3 Ra2 37. Ra8 Rc2 38. Nd4 Ra2 39. Nb5 Ke7 40. a6
g5 41. a7 Ng7 42. Rb8 1-0

[Event "29th Czech Open A 2018"]
[Site "Pardubice CZE"]
[Date "2018.07.28"]
[Round "9.97"]
[White "Perov, German"]
[Black "Hoellmann, Ludger"]
[Result "1/2-1/2"]
[WhiteElo "2256"]
[BlackElo "2145"]
[WhiteFideId "44111410"]
[BlackFideId "4606507"]
[EventDate "2018.07.20"]

1. e4 e5 2. Nc3 Nf6 3. f4 d5 4. fxe5 Nxe4 5. Qf3 Nc6 6. Bb5 Nxc3 7. bxc3 a6 8.
Bxc6+ bxc6 9. Ne2 Qh4+ 10. Ng3 Be7 11. O-O O-O 12. Nf5 Bxf5 13. Qxf5 Qg5 14.
Qxg5 Bxg5 15. d4 Be7 16. Rb1 Rab8 17. Bf4 Rb6 18. Rb3 c5 19. Rfb1 Rfb8 20. e6
fxe6 21. Bxc7 Rxb3 22. cxb3 Rc8 23. Bb6 cxd4 24. Bxd4 Bf6 25. Bxf6 gxf6 26. Rc1
Kf7 27. Kf2 e5 28. Ke2 Ke6 29. Kd3 f5 30. g3 h5 31. c4 d4 32. b4 Rd8 33. a4 e4+
34. Ke2 h4 35. c5 hxg3 36. hxg3 Rh8 37. c6 Rh2+ 38. Kd1 e3 39. Rc2 Rh8 40. Ke2
Rh2+ 41. Kd3 Rxc2 42. Kxc2 e2 43. Kd2 d3 44. b5 axb5 45. axb5 Kd6 46. Ke1 Kc7
47. Kd2 1/2-1/2